Movies Quiz

Random Movies or Actor Quiz

'O' Film Characters Quiz Stats

 Plays Quiz Updated May 6, 2016

Challenge
Share
Tweet
Score 0/18 Timer 04:00
3 Plays Today
picture name % Correct
Ben 'Obi-Wan' Kenobi (Star Wars)
90.3%
Owl (The Many Adventures of Winnie the Pooh)
80.9%
Olaf (Frozen)
79.6%
Doc Ock (Spider-Man 2)
74%
Optimus Prime (Transformers: The Movie)
70%
Odin Borson (Thor)
60.6%
Oskar Schindler (Schindler's List)
57.1%
Oddjob (Goldfinger)
52.8%
Olive Hoover (Little Miss Sunshine)
45.4%
picture name % Correct
Mr. Orange (Reservoir Dogs)
39.4%
Owen Grady (Jurassic World)
33%
The Oracle (The Matrix)
32%
Osmosis Jones (Osmosis Jones)
30.8%
Otis (The Adventures of Milo and Otis)
29.2%
O-Ren Ishii (Kill Bill: Volume 1)
27.9%
Ofelia (Pan's Labyrinth)
20.5%
Eric 'Otter' Stratton (Animal House)
17.3%
Othello (Othello)
15.6%

You're not logged in!

Compare scores with friends on all Sporcle quizzes.
OR
Log In

You Might Also Like...

Show Comments

Extras

Top Quizzes Today


Score Distribution

Your Account Isn't Verified!

In order to create a playlist on Sporcle, you need to verify the email address you used during registration. Go to your Sporcle Settings to finish the process.

Report this User

Report this user for behavior that violates our Community Guidelines.

Details: